25 cidades mais populosas de Mato Grosso do Sul - Statistics

Estatísticas Gerais
  • Esse quiz foi jogado 222 vezes
  • A pontuação média é 14 de 25
Estatísticas das Respostas
Nº de Habitantes Letra Inicial Cidade % Correto
853 622 C Campo Grande
100%
212 870 D Dourados
98%
108 656 C Corumbá
91%
86 717 P Ponta Porã
88%
113 619 T Três Lagoas
84%
51 535 N Naviraí
74%
47 162 A Aquidauana
68%
50 893 N Nova Andradina
61%
51 355 S Sidrolândia
56%
33 139 C Coxim
55%
43 078 M Maracaju
53%
34 776 R Rio Brilhante
46%
22 928 I Ivinhema
45%
27 104 M Miranda
45%
25 473 J Jardim
44%
41 495 P Paranaíba
44%
37 590 A Amambai
43%
24 414 A Aparecida do Taboado
38%
24 982 S São Gabriel do Oeste
38%
28 437 C Caarapó
35%
22 620 C Chapadão do Sul
35%
24 748 A Anastácio
32%
23 167 R Ribas do Rio Pardo
32%
24 113 B Bela Vista
29%
22 896 I Itaporã
26%
Nenhum quiz correspondente encontrado
Distribuição das Pontuações
Porcentagem de Pessoas com Cada Pontuação
Percentil de Números Respondidos
Sua Pontuação Histórica
Você não jogou esse quiz